Educación inclusiva : una utopía en la escuela primaria y desafío de la formación docente desde la función directiva /
Enregistré dans:
| Auteur principal: | |
|---|---|
| Format: | Thèse Livre |
| Langue: | espagnol |
| Sujets: | |
| Tags: |
Pas de tags, Soyez le premier à ajouter un tag!
|
MARC
| LEADER | 00000nam^a2200000^a^4500 | ||
|---|---|---|---|
| 001 | 000298999 | ||
| 005 | 20250521000000.0 | ||
| 009 | 20260310112425.125 | ||
| 037 | |a Acervo ITESO - Biblioteca | ||
| 041 | |a ESP | ||
| 090 | |a MDE. 26 | ||
| 100 | |a García Sánchez, Petra |e (autor) | ||
| 245 | 1 | 0 | |a Educación inclusiva : |b una utopía en la escuela primaria y desafío de la formación docente desde la función directiva / |c P. García Sánchez. |
| 264 | |a Guadalajara, México : |b edición de autor, |c 2010 | ||
| 300 | |a 1 disco compacto de computadora | ||
| 336 | |a datos para computadora |b cod |2 rdacontenido | ||
| 337 | |a computadora |b c |2 rdamedio | ||
| 338 | |a disco de computadora |b cd |2 rdasoporte | ||
| 502 | |a ITESO Tesis de Maestría en Gestión Directiva de Instituciones Educativas | ||
| 649 | |a XX | ||
| 650 | |a Formación y Capacitación de Profesores - |x Tema Principal | ||
| 650 | |a Diferencia y Otredad | ||
| 650 | |a Diversidad Cultural | ||
| 650 | |a Marginación | ||
| 650 | |a Igualdad y Desigualdad | ||
| 650 | |a Inclusión Educativa - |x Tema Principal | ||
| 650 | |a Integración Social | ||
| 650 | |a Organización Administrativa | ||
| 650 | |a Desarrollo Organizacional | ||
| 650 | |a Planeación Administrativa | ||
| 650 | |a Planeación Educativa | ||
| 650 | |a Política Educativa | ||
| 650 | |a Educación Primaria | ||
| 650 | |a Administración Educativa | ||
| 650 | |a Sociología de la Educación | ||
| 910 | |a Fondo General | ||
| 920 | |a Electrónicos - Tesis del ITESO en Disco | ||
| 905 | |a 202 | ||
| 901 | |a 0500185003 |b IT2 |c STS |i D52812 |u 20250521 | ||
| 902 | |a https://opac.biblio.iteso.mx/vufind/Record/000298999 | ||